<?xml version="1.0" encoding="UTF-8"?><?xml-stylesheet type="text/xsl" href="static/style.xsl"?><OAI-PMH xmlns="http://www.openarchives.org/OAI/2.0/" xmlns:xsi="http://www.w3.org/2001/XMLSchema-instance" xsi:schemaLocation="http://www.openarchives.org/OAI/2.0/ http://www.openarchives.org/OAI/2.0/OAI-PMH.xsd"><responseDate>2026-06-07T19:00:01Z</responseDate><request verb="GetRecord" identifier="oai:docta.ucm.es:20.500.14352/71403" metadataPrefix="marc">https://docta.ucm.es/rest/oai/request</request><GetRecord><record><header><identifier>oai:docta.ucm.es:20.500.14352/71403</identifier><datestamp>2024-08-29T16:08:46Z</datestamp><setSpec>com_20.500.14352_14</setSpec><setSpec>col_20.500.14352_15</setSpec></header><metadata><record xmlns="http://www.loc.gov/MARC21/slim" xmlns:dcterms="http://purl.org/dc/terms/" xmlns:xsi="http://www.w3.org/2001/XMLSchema-instance" xmlns:doc="http://www.lyncode.com/xoai" xsi:schemaLocation="http://www.loc.gov/MARC21/slim http://www.loc.gov/standards/marcxml/schema/MARC21slim.xsd">
   <leader>00925njm 22002777a 4500</leader>
   <datafield ind2=" " ind1=" " tag="042">
      <subfield code="a">dc</subfield>
   </datafield>
   <datafield ind2=" " ind1=" " tag="720">
      <subfield code="a">Dolado Fernández, Jaime</subfield>
      <subfield code="e">author</subfield>
   </datafield>
   <datafield ind2=" " ind1=" " tag="720">
      <subfield code="a">Hidalgo Alcalde, Pedro</subfield>
      <subfield code="e">author</subfield>
   </datafield>
   <datafield ind2=" " ind1=" " tag="720">
      <subfield code="a">Méndez Martín, María Bianchi</subfield>
      <subfield code="e">author</subfield>
   </datafield>
   <datafield ind2=" " ind1=" " tag="260">
      <subfield code="c">2022</subfield>
   </datafield>
   <datafield ind2=" " ind1=" " tag="520">
      <subfield code="a">Zn_2GeO_4 microrods obtained by thermal evaporation of a compacted powder mixture of ZnO and Ge exhibit quite intense UV luminescence at low temperatures. Herein, the luminescence properties of Zn_2GeO_4 microrods are studied for 2:1 and 1:1 ZnO:Ge ratio in the precursor mixture. In both cases, Zn2GeO4 microrods of high crystal quality produce a 355 nm emission under aforementioned bandgap excitation conditions at low temperatures. However, this emission vanishes at room temperature (RT) in the 1:1 samples while it is kept in the 2:1 ones. Herein this work, the thermal quenching of the UV luminescence is studied by means of steady and time-resolved photoluminescence techniques from 4 K up to RT for both Zn_2GeO_4 microrods. The analysis of the results leads us to conclude that although the luminescence mechanisms are the same in both cases, a higher decay rate is observed in the 1:1 in both intensity and lifetime, which explain the observed thermal quenching at RT.</subfield>
   </datafield>
   <datafield ind1="8" ind2=" " tag="024">
      <subfield code="a">1862-6254</subfield>
   </datafield>
   <datafield ind1="8" ind2=" " tag="024">
      <subfield code="a">10.1002/pssr.202100613</subfield>
   </datafield>
   <datafield ind1="8" ind2=" " tag="024">
      <subfield code="a">https://hdl.handle.net/20.500.14352/71403</subfield>
   </datafield>
   <datafield ind1="8" ind2=" " tag="024">
      <subfield code="a">http://dx.doi.org/10.1002/pssr.202100613</subfield>
   </datafield>
   <datafield ind1="8" ind2=" " tag="024">
      <subfield code="a">https://onlinelibrary.wiley.com/</subfield>
   </datafield>
   <datafield ind2="0" ind1="0" tag="245">
      <subfield code="a">Kinetic study of the thermal quenching of the ultraviolet emission in Zn_2GeO_4 microrods</subfield>
   </datafield>
</record></metadata></record></GetRecord></OAI-PMH>